Literárno-hudobný večer spojí 2 svety

Bibliographic Details
Format: Article
Language:Slovak
PhysicalDescription:Fotogr.
ISSN:1335-4566
Subjects:

MARC

LEADER 00000nab a2200000 a 4500
001 vtls010327593
003 SK-MaSNL
005 20260305003933.0
008 111130c20111126xo drz 0 0slo
038 |a KEVKJB 
040 |a KEVKJB  |b slo  |c KEVKJB  |e AACR2 
041 0 |a slo 
044 |a xo  |c SK 
080 |a 785.7  |2 2001 
245 0 0 |a Literárno-hudobný večer spojí 2 svety  |c [autor] (ato) 
300 |b Fotogr. 
600 1 7 |a Kovár, František,  |d 1946-  |2 kevkjb 
610 2 7 |a Štátna filharmónia Košice  |2 kevkjb  |9 56989 
650 0 7 |a literárno-hudobné večery  |2 kevkjb  |9 1019829 
651 7 |a Košice (Slovensko)  |2 kevkjb  |9 18694 
773 0 |t Košický Korzár  |g Roč. XIV., č. 273 (26.11.2011), s. 5  |x 1335-4566 
852 |a KEVKJB  |b KIS3GCP 
999 |c 3233261  |d 3235191